Ontologie a jejich využitelnost ve firmách

Vymedzenie pojmu ontológia. Využívanie ontológií v organizácii v oblasti informačných systémov. Ontológia poskytujú účinný spôsob ako zachádzať so znalosťami znalostným kapitálom vo firme. Členenie ontológií. Ontológia ako slovná alebo obsahová teória. Členenie podľa predmetu formalizácie. Využiteľn...

Full description

Saved in:
Bibliographic Details
Main Author: Řezáč, Jiří
Format: Book Chapter
Language:Czech
Subjects:
Tags: Add Tag
No Tags, Be the first to tag this record!

MARC

LEADER 00000naa$a2200000$$$4500
001 0038920
005 20231107071138.2
041 0 |a cze 
044 |a CZ 
245 1 0 |a Ontologie a jejich využitelnost ve firmách  |c Jiří Řezáč 
520 |a Vymedzenie pojmu ontológia. Využívanie ontológií v organizácii v oblasti informačných systémov. Ontológia poskytujú účinný spôsob ako zachádzať so znalosťami znalostným kapitálom vo firme. Členenie ontológií. Ontológia ako slovná alebo obsahová teória. Členenie podľa predmetu formalizácie. Využiteľnosť ontológie vo firme. Výhody spojené s ontológiami. Ontológia v praxi. 
610 2 0 |a vedomosti 
610 2 0 |a riadenie znalostí 
610 2 0 |a firmy 
610 2 0 |a inteligencia umelá 
610 2 0 |a terminológia 
610 2 0 |a inžinierstvo znalostné 
610 2 0 |a systémy znalostné 
100 1 |a Řezáč, Jiří